Advanced Concepts in Operating Systems (Record no. 6473)

MARC details
000 -LEADER
fixed length control field 00346nam a2200145Ia 4500
003 - CONTROL NUMBER IDENTIFIER
control field OSt
008 - FIXED-LENGTH DATA ELEMENTS--GENERAL INFORMATION
fixed length control field 191201s2014 xx 000 0 und d
082 ## - DEWEY DECIMAL CLASSIFICATION NUMBER
Classification number 004.43
Item number SIA
100 ## - MAIN ENTRY--PERSONAL NAME
Personal name SINGHAL, Mukesh
245 #0 - TITLE STATEMENT
Title Advanced Concepts in Operating Systems
260 ## - PUBLICATION, DISTRIBUTION, ETC. (IMPRINT)
Place of publication, distribution, etc New Delhi
Name of publisher, distributor, etc TMH
Date of publication, distribution, etc 2014
300 ## - PHYSICAL DESCRIPTION
Extent 522
650 ## - SUBJECT ADDED ENTRY--TOPICAL TERM
Topical term or geographic name as entry element M.Tech(CSE)
942 ## - ADDED ENTRY ELEMENTS (KOHA)
Source of classification or shelving scheme Dewey Decimal Classification
Koha item type Text Books
Holdings
Withdrawn status Lost status Source of classification or shelving scheme Damaged status Not for loan Collection code Home library Current library Date acquired Source of acquisition Cost, normal purchase price Bill Number Total Checkouts Full call number Acc. no. / Barcode Date last seen Actual Cost, discounted price Bill Date Koha item type
    Dewey Decimal Classification     B.Tech(CSE) PIET C-LIBRARY PIET C-LIBRARY 09/08/2015 KIRTI PRAKASHAN, NEW DELHI 685.00 IN2861   004.43 SIR 27852 04/12/2019 445.25 07/09/2015 Text Books
    Dewey Decimal Classification     B.Tech(CSE) PIET C-LIBRARY PIET C-LIBRARY 09/08/2015 KIRTI PRAKASHAN, NEW DELHI 685.00 IN2861   004.43 SIR 27853 04/12/2019 445.25 07/09/2015 Text Books
    Dewey Decimal Classification     B.Tech(CSE) PIET C-LIBRARY PIET C-LIBRARY 09/08/2015 KIRTI PRAKASHAN, NEW DELHI 685.00 IN2861   004.43 SIR 27854 04/12/2019 445.25 07/09/2015 Text Books
    Dewey Decimal Classification     B.Tech(CSE) PIET C-LIBRARY PIET C-LIBRARY 09/08/2015 KIRTI PRAKASHAN, NEW DELHI 685.00 IN2861   004.43 SIA 27855 04/12/2019 445.25 07/09/2015 Reference Books

Design & Developed by: PIET Central Library
R70 Miles Stone Pattikalyana Samalkha Panipat 132102
mail ID :- [email protected], Phone No:- 0180-2569700 Ex.216